Biblioteca y Centro de Documentación

La economía del agua subterránea y su gestión colectiva (Registro nro. 12946)

Detalles MARC
000 -CABECERA
Longitud fija campo de control 01930nam a2200433 c 4500
001 - NÚMERO DE CONTROL
Número de control 12946
003 - IDENTIFICADOR DE NÚMERO DE CONTROL
Identificador del número de control ES-MaCES
005 - FECHA Y HORA DE LA ÚLTIMA TRANSACCIÓN
Fecha y hora de la última transacción 20141221122221.0
008 - CAMPO FIJO DE DESCRIPCIÓN FIJA--INFORMACIÓN GENERAL
Códigos de información de longitud fija   011115s2001 sp d t 100 | spa d
017 ## - NÚMERO DE REGISTRO DE DERECHOS DE AUTOR Y DEPÓSITO LEGAL
Número de copyright o de depósito legal M 7458-2000
Agencia que asigna el número DL
020 ## - ISBN (INTERNATIONAL STANDARD BOOK NUMBER)
Número Internacional Normalizado para Libros (ISBN) 8495516268 (Fundación Marcelino Botín)
020 ## - ISBN (INTERNATIONAL STANDARD BOOK NUMBER)
Número Internacional Normalizado para Libros (ISBN) 8471149656 (MundiPrensa)
035 ## - NÚMERO DE CONTROL DEL SISTEMA
Número de control del sistema CES20010017053m
040 ## - FUENTE DE CATALOGACIÓN
Centro catalogador de origen ES-MaCES
Lengua de catalogación spa
Centro transcriptor ES-MaCES
245 03 - MENCIÓN DE TÍTULO
Título La economía del agua subterránea y su gestión colectiva
Mención de responsabilidad, etc. [Nuria Hernández-Mora, M. Ramón Llamas, editores]
260 ## - PUBLICACIÓN, DISTRIBUCIÓN, ETC (PIE DE IMPRENTA)
Lugar de publicación, distribución, etc. Santander
Nombre del editor, distribuidor, etc. Fundación Marcelino Botín
Lugar de publicación, distribución, etc. Madrid
Nombre del editor, distribuidor, etc. Mundi-Prensa
Fecha de publicación, distribución, etc. 2001
300 ## - DESCRIPCIÓN FÍSICA
Extensión XV, 550 p.
Dimensiones 20 cm
490 1# - MENCIÓN DE SERIE
Mención de serie Ciencia y economía
Designación de volumen o secuencia 6
500 ## - NOTA GENERAL
Nota general Contiene las ponencias del Seminario Aspectos Económicos de la Utilización de las Aguas Subterráneas, celebrado en Madrid los días 13 y 14 de dic. de 1999 y del Seminario las Entidades Subterráneas en España, celebrado en Madrid los días 12 y 13 de jul. de 2000
504 ## - NOTA DE BIBLIOGRAFÍA, ETC.
Nota de bibliografía, etc. Bibliografía
541 ## - NOTA DE LA FUENTE INMEDIANTE DE ADQUISICIÓN
Forma de adquisición Compra
650 #4 - ASIENTO SECUNDARIO DE MATERIA--TÉRMINO DE MATERIA
Término de materia o nombre geográfico como elemento inicial aguas subterráneas
9 (RLIN) 31091
650 #4 - ASIENTO SECUNDARIO DE MATERIA--TÉRMINO DE MATERIA
Término de materia o nombre geográfico como elemento inicial utilización del agua
9 (RLIN) 28823
650 #4 - ASIENTO SECUNDARIO DE MATERIA--TÉRMINO DE MATERIA
Término de materia o nombre geográfico como elemento inicial distribución del agua
9 (RLIN) 28817
650 #4 - ASIENTO SECUNDARIO DE MATERIA--TÉRMINO DE MATERIA
Término de materia o nombre geográfico como elemento inicial estrategia de gestión
9 (RLIN) 30591
650 #4 - ASIENTO SECUNDARIO DE MATERIA--TÉRMINO DE MATERIA
Término de materia o nombre geográfico como elemento inicial desarrollo institucional
9 (RLIN) 29802
650 #4 - ASIENTO SECUNDARIO DE MATERIA--TÉRMINO DE MATERIA
Término de materia o nombre geográfico como elemento inicial España
9 (RLIN) 26964
650 #4 - ASIENTO SECUNDARIO DE MATERIA--TÉRMINO DE MATERIA
Término de materia o nombre geográfico como elemento inicial estudio de casos
9 (RLIN) 28846
653 10 - TÉRMINO DE INDEXACIÓN--NO CONTROLADO
Término no controlado Políticas sectoriales
700 1# - ENCABEZAMIENTO SECUNDARIO--NOMBRE PERSONAL
Nombre de persona Hernández-Mora, Nuria
Término indicativo de función ed. lit.
9 (RLIN) 14696
700 1# - ENCABEZAMIENTO SECUNDARIO--NOMBRE PERSONAL
Nombre de persona Llamas, Ramón
Término indicativo de función ed. lit.
9 (RLIN) 16682
710 2# - ENCABEZAMIENTO SECUNDARIO--NOMBRE CORPORATIVO
Nombre de entidad o nombre de jurisdicción como elemento inicial Fundación Marcelino Botín
Término indicativo de función ed.
9 (RLIN) 3859
711 2# - ENCABEZAMIENTO SECUNDARIO--NOMBRE DE REUNIÓN
Nombre de congreso o nombre de jurisdicción como elemento inicial Seminario Aspectos Económicos de la Utilización de las Aguas Subterráneas en España
Fecha del congreso 1999
Sede del congreso Madrid
9 (RLIN) 705
711 2# - ENCABEZAMIENTO SECUNDARIO--NOMBRE DE REUNIÓN
Nombre de congreso o nombre de jurisdicción como elemento inicial Seminario las Entidades de Gestión Colectiva de las Aguas Subterráneas en España
Fecha del congreso 2000
Sede del congreso Madrid
9 (RLIN) 706
830 #0 - ENCABEZAMIENTO SECUNDARIO DE COLECCIÓN--TÍTULO UNIFORME
Título uniforme Ciencia y economía (Fundación Marcelino Botín)
Designación de volumen o secuencia 6
9 (RLIN) 33706
902 ## - CES. TIPO DE DOCUMENTO
Tipodoc (006$c Sirtex) LIB Libro
942 ## - ELEMENTOS KOHA
Fuente de clasificaión o esquema Clasificación propia del CES
Koha [por defecto] tipo de item Monografías
Parte de clasificación 5.2.
Existencias
Número de registro Signatura completa Tipo de item de Koha
044925 DPT-8706 Monografías
© CES, Consejo Económico y Social de España 2021